00431 a2200157 4500003000400000005001700004008004100021020001800062040000900080082001900089100001700108245007900125250001300204260004600217300001000263OSt20231214141227.0230822b |||||||| |||| 00| 0 eng d a9789386649225 coclc a300.723bKOT/R aKothari, C R aRESEARCH METHODOLOGY : Methods and techniques /cC R Kothari, Gaurav Garg. a4th ed.  aNew DElhi:bNew age international,c2019. a458 p